Statistiche per Discipline dei Premi Nobel italiani

Clicka qui per fare il quiz!

Statistiche generali

  • Questo quiz è stato fatto 30 volte
  • Il punteggio medio è 11 su 21

Statistiche sulle risposte

HintRisposta% Corretto
Giosué CarducciLetteratura
100%
Luigi PirandelloLetteratura
96%
Salvatore QuasimodoLetteratura
96%
Eugenio MontaleLetteratura
88%
Enrico FermiFisica
84%
Guglielmo MarconiFisica
84%
Dario FoLetteratura
76%
Franco ModiglianiEconomia
64%
Grazia DeleddaLetteratura
60%
Rita Levi-MontalciniMedicina
48%
Giorgio ParisiFisica
44%
Giulio NattaChimica
40%
Camillo GolgiMedicina
36%
Ernesto Teodoro MonetaPace
36%
Salvatore LuriaMedicina
28%
Renato DulbeccoMedicina
28%
Carlo RubbiaFisica
24%
Emilio SegréFisica
24%
Riccardo GiacconiFisica
20%
Mario CapecchiMedicina
12%
Daniel BovetMedicina
8%

Distribuzione punteggi

Percentile per numero di risposta

Percentuale di utenti per punteggio

I tuoi punteggi nel tempo

Non hai fatto questo quiz